Normal view
MARC view
Entry Geographic Name
001 - CONTROL NUMBER
- control field: 52477
003 - CONTROL NUMBER IDENTIFIER
- control field: ARRUPE
005 - DATE AND TIME OF LATEST TRANSACTION
- control field: 20240216103153.0
008 - FIXED-LENGTH DATA ELEMENTS
- fixed length control field: 240216|| aca||aabn | a|a d
040 ## - CATALOGING SOURCE
- Original cataloging agency: ARRUPE
- Transcribing agency: ARRUPE
151 ## - HEADING--GEOGRAPHIC NAME
- Geographic name: Shanghai (China)
- General subdivision: Politics and government
670 ## - SOURCE DATA FOUND
- Source citation: Work cat.: (ARRUPE)131808: Tokayer, Marvin, 1936- 52473, The fugu plan :, c1979.